000 00672nam a2200265Ia 4500
005 20250425162202.0
008 250425s9999 xx 000 0 und d
020 _a848088584X
041 _aspa
043 _asp
082 _a658.452
100 _aKIRKPATRICK, DONALD
245 0 _aCLAVES PARA UNA COMUNICACION EFICAZ
250 _a1A ED.
260 _aBARCELONA
260 _aEspaña
_bGESTION 2000
_c2001
300 _a133
500 _aTítulo Traducido: NO-NONSENSE COMMUNICATION
650 _aCOMUNICACION ORAL
650 _aHABILIDADES
650 _aMEJORAMIENTO TECNICO
700 _aAIDA SANTAPAU
_etraductor
942 _c01
010 _a54830
999 _c224075
_d224075